[Event "GER-chT U20"]
[Site "Muenster"]
[Date "2022.12.28"]
[Round "4"]
[White "Rose, Luis Stratos"]
[Black "Weigand, Anton"]
[Result "0-1"]
[WhiteElo "1651"]
[BlackElo "1948"]
[PlyCount "48"]
[EventDate "2022.12.26"]
[EventType "team-swiss"]
[EventRounds "7"]
[EventCountry "GER"]
[SourceTitle "CBM 212 Extra"]
[Source "ChessBase"]
[SourceDate "2023.03.31"]
[SourceVersion "1"]
[SourceVersionDate "2023.03.31"]
[SourceQuality "1"]
[WhiteTeam "Kreuzberg"]
[BlackTeam "Lehrte"]
[WhiteTeamCountry "GER"]
[BlackTeamCountry "GER"]

1. d4 d5 2. Bf4 Nf6 3. Nf3 c5 4. e3 Nc6 5. c3 Qb6 6. Qc2 g6 7. h3 Bg7 8. Nbd2 Nd7 9. g4 h5 10. gxh5 Rxh5 11. Bd3 Nf8 12. dxc5 Qxc5 13. e4 d4 14. Nb3 Qb6 15. cxd4 Bg4 16. Be2 Rc8 17. Qd2 Nb4 18. 0-0 Rc2 19. Qe3 Rxh3 20. Bd1 Ne6 21. a3 Nxd4 22. Bg3 Rxg3+ 23. fxg3 Ne2+ 24. Kf2 Nd3+ 0-1

[Event "Berlin Werner Ott op"]
[Site "Berlin"]
[Date "2022.07.15"]
[Round "7"]
[White "Rose, Luis Stratos"]
[Black "Gebigke, Martin"]
[Result "1/2-1/2"]
[WhiteElo "1597"]
[BlackElo "2085"]
[PlyCount "95"]
[EventDate "2022.07.09"]
[EventType "swiss"]
[EventRounds "9"]
[EventCountry "GER"]
[SourceTitle "CBM 209 Extra"]
[Source "ChessBase"]
[SourceDate "2022.09.30"]
[SourceVersion "1"]
[SourceVersionDate "2022.09.30"]
[SourceQuality "1"]

1. d4 Nf6 2. Nf3 d5 3. Bf4 c5 4. e3 Nc6 5. c3 Qb6 6. Qc1 Bf5 7. dxc5 Qxc5 8. Nbd2 Rc8 9. Nb3 Qb6 10. Nbd4 Be4 11. Be2 h6 12. h3 g5 13. Bh2 Bg7 14. Qd2 Bh7 15. 0-0 0-0 16. Nxc6 bxc6 17. Be5 Ne4 18. Qd4 f6 19. Qxb6 axb6 20. Bh2 e5 21. Rfd1 b5 22. Bd3 Ra8 23. Nd2 Nc5 24. Bxh7+ Kxh7 25. Nb3 Na4 26. Rd2 Ra7 27. Rad1 Re8 28. g4 Bf8 29. a3 Kg6 30. e4 dxe4 31. Re1 Nb6 32. Rxe4 Nc4 33. Rc2 Rd8 34. Kg2 Rd3 35. Bg1 Rad7 36. f3 R7d5 37. Nc1 Rd2+ 38. Re2 Rd1 39. Na2 Rb1 40. Nb4 Rdd1 41. Bf2 c5 42. Na6 Nb6 43. Nxc5 Nd5 44. Red2 Nf4+ 45. Kg3 Rh1 46. Be3 Rxh3+ 47. Kf2 Rh2+ 48. Kg3 1/2-1/2

[Event "Berlin Werner Ott op"]
[Site "Berlin"]
[Date "2022.07.09"]
[Round "1"]
[White "Rose, Luis Stratos"]
[Black "Steiger, Michael"]
[Result "0-1"]
[WhiteElo "1597"]
[BlackElo "1973"]
[PlyCount "79"]
[EventDate "2022.07.09"]
[EventType "swiss"]
[EventRounds "9"]
[EventCountry "GER"]
[SourceTitle "CBM 209 Extra"]
[Source "ChessBase"]
[SourceDate "2022.09.30"]
[SourceVersion "1"]
[SourceVersionDate "2022.09.30"]
[SourceQuality "1"]

1. d4 Nf6 2. Bf4 e6 3. Nf3 c5 4. e3 b6 5. Nbd2 cxd4 6. exd4 Be7 7. c3 0-0 8. Bd3 Ba6 9. Ne5 Bxd3 10. Nxd3 d6 11. g4 Nbd7 12. Qe2 b5 13. f3 a5 14. a3 Nb6 15. Kf2 Nfd5 16. Bg3 Qc8 17. Ne4 Qc6 18. h4 f5 19. Ng5 fxg4 20. Qxe6+ Kh8 21. f4 Bxg5 22. hxg5 Nxf4 23. Bxf4 Qf3+ 24. Kg1 Qxd3 25. Qxg4 Qf5 26. Qxf5 Rxf5 27. Rf1 Raf8 28. Rh4 a4 29. Rf2 Kg8 30. Be3 Nc4 31. Rxf5 Rxf5 32. Bc1 d5 33. Rh2 Rf3 34. Re2 Kf7 35. Kg2 Rf5 36. Re1 Nd6 37. Kg3 Ne4+ 38. Kg4 Kg6 39. Re2 Rf1 40. Rg2 0-1

[Event "GER-chT U20"]
[Site "Willingen"]
[Date "2021.06.24"]
[Round "2"]
[White "Rose, Luis Stratos"]
[Black "Nicklaus, Timm"]
[Result "1/2-1/2"]
[WhiteElo "1608"]
[BlackElo "1727"]
[PlyCount "69"]
[EventDate "2021.06.24"]
[EventType "team-swiss"]
[EventRounds "7"]
[EventCountry "GER"]
[SourceTitle "CBM 203 Extra"]
[Source "ChessBase"]
[SourceDate "2021.09.30"]
[SourceVersion "1"]
[SourceVersionDate "2021.09.30"]
[SourceQuality "1"]
[WhiteTeam "Kreuzberg"]
[BlackTeam "Plauen Koenig"]
[WhiteTeamCountry "GER"]
[BlackTeamCountry "GER"]

1. d4 d5 2. Nf3 e6 3. Bf4 Nf6 4. e3 c5 5. c3 Nc6 6. h3 Be7 7. Bd3 0-0 8. 0-0 Bd6 9. Bxd6 Qxd6 10. Nbd2 cxd4 11. exd4 e5 12. Nxe5 Nxe5 13. dxe5 Qxe5 14. Nf3 Qd6 15. Re1 b6 16. Nd4 Bb7 17. Nf5 Qd8 18. Qf3 Ne4 19. Bxe4 dxe4 20. Qg3 Qf6 21. Nd6 Rab8 22. Nxb7 Rxb7 23. Rxe4 Rd7 24. Rae1 h6 25. Qe3 Qd8 26. Rg4 Qf6 27. Re4 Qd8 28. Re8 Rxe8 29. Qxe8+ Qxe8 30. Rxe8+ Kh7 31. Re2 Kg6 32. g3 Kf6 33. Kg2 Rd3 34. Kf1 Rd1+ 35. Kg2 1/2-1/2

[Event "GER-ch U25-A"]
[Site "Willingen"]
[Date "2016.05.15"]
[Round "2"]
[White "Rose, Luis Stratos"]
[Black "Thumm, Felix"]
[Result "0-1"]
[WhiteElo "1385"]
[BlackElo "1939"]
[PlyCount "58"]
[EventDate "2016.05.15"]
[EventType "swiss"]
[EventRounds "9"]
[EventCountry "GER"]
[SourceTitle "CBM 172 Extra"]
[Source "ChessBase"]
[SourceDate "2016.06.21"]
[SourceVersion "1"]
[SourceVersionDate "2016.06.21"]
[SourceQuality "1"]

1. d4 d5 2. c4 e6 3. Nc3 Nf6 4. cxd5 Nxd5 5. e4 Nxc3 6. bxc3 Be7 7. Nf3 b6 8. Bd3 Bb7 9. 0-0 c5 10. Be3 Nd7 11. Rc1 Rc8 12. Qe2 0-0 13. Nd2 f5 14. exf5 exf5 15. Bf4 Bg5 16. Be5 Nxe5 17. dxe5 Bxd2 18. Bc4+ Kh8 19. Rcd1 Qg5 20. f4 Bxf4 21. Rxf4 Qxf4 22. e6 Qg4 23. Qxg4 fxg4 24. e7 Rfe8 25. Rd7 Bc6 26. Rxa7 g6 27. Be6 Rb8 28. Rc7 Be4 29. Bd7 Kg7 0-1

[Event "GER-ch U25 op-B"]
[Site "Willingen"]
[Date "2015.05.26"]
[Round "4"]
[White "Rose, Luis Stratos"]
[Black "Wachinger, Nikolas"]
[Result "1/2-1/2"]
[WhiteElo "1546"]
[BlackElo "1299"]
[PlyCount "83"]
[EventDate "2015.05.24"]
[EventType "swiss"]
[EventRounds "9"]
[EventCountry "GER"]
[SourceTitle "CBM 166 Extra"]
[Source "ChessBase"]
[SourceDate "2015.06.18"]
[SourceVersion "1"]
[SourceVersionDate "2015.06.18"]
[SourceQuality "1"]

1. d4 d5 2. Nf3 Nf6 3. Bg5 Bf5 4. e3 e6 5. Bd3 Bxd3 6. Qxd3 c6 7. 0-0 Nbd7 8. Nbd2 Be7 9. Rac1 0-0 10. c4 h6 11. Bh4 Qc7 12. Bg3 Bd6 13. Bxd6 Qxd6 14. cxd5 exd5 15. a3 a5 16. Rc2 Rfe8 17. Rfc1 a4 18. Nf1 Ne4 19. Ng3 Nxg3 20. hxg3 Ra5 21. Qe2 Raa8 22. Ne1 Re4 23. Nd3 Rc8 24. Nc5 Nxc5 25. Rxc5 b6 26. R5c3 c5 27. dxc5 bxc5 28. Qc2 c4 29. Qxa4 Rb8 30. Qc2 Qb6 31. Rd1 Re5 32. Rb1 Re4 33. Qd2 Qb5 34. Rd1 Rd8 35. Qc2 Rb8 36. f3 Re5 37. Rd4 Qxb2 38. Qxb2 Rxb2 39. e4 Rb1+ 40. Kf2 Rb2+ 41. Kf1 Rb1+ 42. Ke2 1/2-1/2

[Event "GER-ch U25 op-B"]
[Site "Willingen"]
[Date "2015.05.25"]
[Round "3"]
[White "Grunert, Friedrich"]
[Black "Rose, Luis Stratos"]
[Result "0-1"]
[WhiteElo "1403"]
[BlackElo "1546"]
[PlyCount "60"]
[EventDate "2015.05.24"]
[EventType "swiss"]
[EventRounds "9"]
[EventCountry "GER"]
[SourceTitle "CBM 166 Extra"]
[Source "ChessBase"]
[SourceDate "2015.06.18"]
[SourceVersion "1"]
[SourceVersionDate "2015.06.18"]
[SourceQuality "1"]

1. e4 g6 2. d4 d6 3. Nc3 Bg7 4. Be3 Nf6 5. Qd2 0-0 6. 0-0-0 c6 7. h4 b5 8. f3 Nbd7 9. Kb1 a5 10. g4 a4 11. h5 b4 12. Nce2 b3 13. a3 bxc2+ 14. Qxc2 Bb7 15. hxg6 fxg6 16. Nc3 Qa5 17. Qh2 Rfb8 18. Ka1 Ba6 19. Bh3 Nf8 20. Nge2 Bxe2 21. Nxe2 Rb3 22. Bd2 Qb6 23. Bc3 Qb7 24. Nf4 Rb8 25. g5 Nh5 26. Nxh5 gxh5 27. Bf1 d5 28. exd5 cxd5 29. Rb1 Rxa3+ 30. bxa3 Qxb1# 0-1

[Event "GER-ch U25 op-B"]
[Site "Willingen"]
[Date "2015.05.24"]
[Round "2"]
[White "Rose, Luis Stratos"]
[Black "Pahl, Theis"]
[Result "1-0"]
[WhiteElo "1546"]
[BlackElo "1305"]
[PlyCount "101"]
[EventDate "2015.05.24"]
[EventType "swiss"]
[EventRounds "9"]
[EventCountry "GER"]
[SourceTitle "CBM 166 Extra"]
[Source "ChessBase"]
[SourceDate "2015.06.18"]
[SourceVersion "1"]
[SourceVersionDate "2015.06.18"]
[SourceQuality "1"]

1. d4 Nf6 2. Bg5 g6 3. Bxf6 exf6 4. g3 f5 5. e3 Bg7 6. Bg2 0-0 7. c4 c5 8. Ne2 d6 9. Nbc3 Nd7 10. 0-0 Nf6 11. Rb1 Qa5 12. Qa4 Qxa4 13. Nxa4 Bd7 14. Nac3 Rab8 15. dxc5 dxc5 16. Nf4 Be6 17. Nfd5 Rfd8 18. Rfd1 Rd7 19. Rd2 Rbd8 20. Rbd1 b6 21. b3 a6 22. Na4 Nxd5 23. Bxd5 Rd6 24. Kf1 g5 25. Ke2 Rc8 26. Bxe6 Rxe6 27. Rd6 Rxd6 28. Rxd6 b5 29. Nb6 Re8 30. Rd5 bxc4 31. Nxc4 Rc8 32. Rxf5 h6 33. Rd5 Bf8 34. Rd7 f6 35. Ra7 Rc6 36. Rb7 Rc8 37. Rb6 Kg7 38. Rxa6 Rd8 39. Rc6 Ra8 40. a4 Rb8 41. Rb6 Rxb6 42. Nxb6 Kf7 43. a5 c4 44. bxc4 Bc5 45. Kd3 f5 46. Nc8 Ke6 47. a6 Kd7 48. a7 Bxa7 49. Nxa7 Kd6 50. Kd4 h5 51. Nb5+ 1-0

[Event "Magdeburg op-B"]
[Site "Magdeburg"]
[Date "2014.06.11"]
[Round "6"]
[White "Rose, Luis Stratos"]
[Black "Manco, Michela"]
[Result "1-0"]
[WhiteElo "1392"]
[BlackElo "1267"]
[PlyCount "93"]
[EventDate "2014.06.08"]
[EventType "swiss"]
[EventRounds "9"]
[EventCountry "GER"]
[SourceTitle "CBM 160 Extra"]
[Source "ChessBase"]
[SourceDate "2014.07.01"]
[SourceVersion "1"]
[SourceVersionDate "2014.07.01"]
[SourceQuality "1"]

1. d4 d5 2. c4 e6 3. Nc3 Nf6 4. cxd5 exd5 5. Bg5 Be7 6. e3 c6 7. Bd3 0-0 8. Qc2 h6 9. Bh4 Be6 10. Nge2 Bd6 11. Bg3 Bxg3 12. hxg3 b5 13. a3 a5 14. Nf4 Qd6 15. Nh5 Nbd7 16. Nxf6+ Nxf6 17. 0-0 Rfe8 18. Rac1 Bd7 19. Ne2 a4 20. Qc5 Qxc5 21. Rxc5 Ne4 22. Bxe4 Rxe4 23. Rfc1 g5 24. Nc3 Re7 25. Na2 Rc8 26. Nb4 Re6 27. Nxd5 Kg7 28. Nb6 Rc7 29. Nxd7 Rxd7 30. Rxc6 Rxc6 31. Rxc6 Rd5 32. Rc5 Rxc5 33. dxc5 Kf8 34. Kf1 Ke7 35. Ke2 Ke6 36. Kd3 Kd5 37. e4+ Kxc5 38. Kc3 h5 39. f4 f6 40. fxg5 fxg5 41. e5 Kd5 42. e6 Kxe6 43. Kb4 Ke5 44. Kxb5 Ke4 45. Kxa4 Ke3 46. b4 Kf2 47. b5 1-0

[Event "Magdeburg op-B"]
[Site "Magdeburg"]
[Date "2014.06.08"]
[Round "1"]
[White "Maar, Felicitas"]
[Black "Rose, Luis Stratos"]
[Result "0-1"]
[WhiteElo "1087"]
[BlackElo "1392"]
[PlyCount "88"]
[EventDate "2014.06.08"]
[EventType "swiss"]
[EventRounds "9"]
[EventCountry "GER"]
[SourceTitle "CBM 160 Extra"]
[Source "ChessBase"]
[SourceDate "2014.07.01"]
[SourceVersion "1"]
[SourceVersionDate "2014.07.01"]
[SourceQuality "1"]

1. e4 g6 2. Nc3 Bg7 3. d4 d6 4. Nf3 Nf6 5. Be2 0-0 6. 0-0 Nbd7 7. Be3 e5 8. Qd2 Ng4 9. Bc4 Nxe3 10. Qxe3 exd4 11. Nxd4 Ne5 12. b3 Ng4 13. Qd2 Ne5 14. Be2 Bg4 15. Nf3 Bxf3 16. Bxf3 Nxf3+ 17. gxf3 Qf6 18. Nd5 Qxf3 19. Qf4 Qxf4 20. Nxf4 Bxa1 21. Rxa1 Rfe8 22. Nd5 Re5 23. Nxc7 Rg5+ 24. Kf1 Rc8 25. Nd5 Rxc2 26. h4 Re5 27. f4 Rxd5 28. exd5 Rh2 29. Kg1 Rc2 30. a4 Rc5 31. f5 gxf5 32. h5 Kg7 33. Ra2 Rxd5 34. Kf1 f4 35. Rf2 Rf5 36. Rh2 Kh6 37. Rd2 d5 38. Ra2 Rxh5 39. Kg1 f3 40. a5 Rg5+ 41. Kf1 Rg2 42. Ra4 Kg5 43. Rd4 h5 44. Ke1 h4 0-1

[Event "GER-ch U10"]
[Site "Oberhof"]
[Date "2012.05.31"]
[Round "8"]
[White "Rose, Luis Stratos"]
[Black "Engel, Luis"]
[Result "0-1"]
[WhiteElo "1372"]
[BlackElo "1463"]
[PlyCount "74"]
[EventDate "2012.05.27"]
[EventType "swiss"]
[EventRounds "11"]
[EventCountry "GER"]
[SourceTitle "CBM 148 Extra"]
[Source "ChessBase"]
[SourceDate "2012.06.22"]
[SourceVersion "1"]
[SourceVersionDate "2012.06.22"]
[SourceQuality "1"]

1. d4 Nf6 2. Nf3 g6 3. c4 Bg7 4. Nc3 0-0 5. e4 d6 6. Be2 Na6 7. 0-0 e5 8. d5 Nc5 9. Qc2 a5 10. b3 Bd7 11. h3 Ne8 12. Ne1 f5 13. f3 f4 14. Rb1 Qg5 15. Kh1 Qg3 16. Bd1 h5 17. Qf2 Qg5 18. Bd2 Qh6 19. Qe2 g5 20. Kg1 Qg6 21. Rb2 Nf6 22. Bc1 g4 23. fxg4 hxg4 24. hxg4 Bxg4 25. Nf3 Bd7 26. Bc2 Nh5 27. Rd1 Ng3 28. Qe1 Qh5 29. Kf2 Kf7 30. Rd2 Rh8 31. Bb1 Qg6 32. Bc2 Rh1 33. Ng1 Rah8 34. Bb1 Rxg1 35. Qxg1 Rh1 36. Qxh1 Nxh1+ 37. Ke1 Qg3+ 0-1

[Event "GER-ch U10"]
[Site "Oberhof"]
[Date "2012.05.29"]
[Round "6"]
[White "Rose, Luis Stratos"]
[Black "Staufenberger, Philipp"]
[Result "1-0"]
[WhiteElo "1372"]
[BlackElo "1234"]
[PlyCount "117"]
[EventDate "2012.05.27"]
[EventType "swiss"]
[EventRounds "11"]
[EventCountry "GER"]
[SourceTitle "CBM 148 Extra"]
[Source "ChessBase"]
[SourceDate "2012.06.22"]
[SourceVersion "1"]
[SourceVersionDate "2012.06.22"]
[SourceQuality "1"]

1. d4 d5 2. c4 c6 3. cxd5 cxd5 4. Nf3 Nc6 5. Nc3 Nf6 6. Bg5 Ne4 7. Bh4 Bf5 8. e3 Qa5 9. Qb3 Qb4 10. Bb5 e6 11. Qxb4 Bxb4 12. Rc1 0-0 13. 0-0 Na5 14. Nxe4 Bxe4 15. a3 Nb3 16. axb4 Bxf3 17. gxf3 Nd2 18. Be7 Rfc8 19. Rfd1 Nxf3+ 20. Kg2 Rxc1 21. Rxc1 Nd2 22. Bd7 Nc4 23. b3 Nb6 24. Ba4 h6 25. Bh4 a5 26. bxa5 Rxa5 27. Bd8 Ra6 28. Bb5 Ra5 29. Rc5 Rxb5 30. Rxb5 Nc8 31. Rxb7 Nd6 32. Rb8 Kh7 33. b4 Kg6 34. Bc7 Nc4 35. b5 Kf5 36. b6 Nxb6 37. Rxb6 h5 38. Bf4 g5 39. Be5 f6 40. Bb8 e5 41. dxe5 fxe5 42. Rd6 Ke4 43. Re6 h4 44. Rxe5+ Kd3 45. Rxd5+ Ke4 46. Rxg5 h3+ 47. Kg3 Kd3 48. Kf3 Kc4 49. Ke4 Kc3 50. Rd5 Kc4 51. Be5 Kb4 52. Kd4 Kb3 53. Rc5 Kb4 54. Bg3 Kb3 55. Rc4 Kb2 56. Rc3 Kb1 57. Kd3 Ka2 58. Kc2 Ka1 59. Ra3# 1-0

[Event "GER JU-S96 email"]
[Site "GER email"]
[Date "2011.11.28"]
[Round "?"]
[White "Orzegowski, Roman"]
[Black "Rose, Luis Stratos"]
[Result "1-0"]
[WhiteElo "1988"]
[BlackElo "1640"]
[PlyCount "69"]
[EventDate "2011.12.06"]
[EventType "tourn (corr)"]
[EventRounds "8"]
[EventCountry "GER"]
[SourceTitle "Corr 2015"]
[Source "ChessBase"]
[SourceDate "2015.07.17"]
[SourceVersion "1"]
[SourceVersionDate "2015.07.17"]
[SourceQuality "1"]

1. c4 e5 2. Nc3 Nf6 3. Nf3 Nc6 4. g3 Bb4 5. Bg2 0-0 6. 0-0 e4 7. Ng5 Bxc3 8. bxc3 Re8 9. f3 e3 10. d3 d5 11. Qb3 Na5 12. Qa3 c6 13. cxd5 cxd5 14. f4 Nc6 15. Nf3 Bg4 16. h3 Bd7 17. Kh2 Qc7 18. Bb2 b5 19. Qc5 Qa5 20. Ne5 Nxe5 21. fxe5 Rxe5 22. c4 Rc8 23. Qd4 Rce8 24. cxd5 Qd2 25. Bf3 Rf5 26. Bc3 Qc2 27. Rac1 Qa4 28. g4 Qxd4 29. Bxd4 Rf4 30. Bxa7 Ra4 31. Rc7 Rxa2 32. g5 Ra8 33. Bd4 R2a4 34. Bxe3 Nxd5 35. Bxd5 1-0

[Event "GER JU-S96 email"]
[Site "GER email"]
[Date "2011.11.28"]
[Round "?"]
[White "Rose, Luis Stratos"]
[Black "Tiemann, Christoph"]
[Result "0-1"]
[WhiteElo "1640"]
[BlackElo "1984"]
[PlyCount "56"]
[EventDate "2011.12.06"]
[EventType "tourn (corr)"]
[EventRounds "8"]
[EventCountry "GER"]
[SourceTitle "Corr 2015"]
[Source "ChessBase"]
[SourceDate "2015.07.17"]
[SourceVersion "1"]
[SourceVersionDate "2015.07.17"]
[SourceQuality "1"]

1. Nf3 c5 2. e4 d6 3. d4 cxd4 4. Nxd4 Nf6 5. Nc3 a6 6. Be3 Ng4 7. Bg5 h6 8. Bh4 g5 9. Bg3 Bg7 10. Be2 h5 11. Bxg4 hxg4 12. 0-0 Nc6 13. Nf5 Bxc3 14. bxc3 Qa5 15. Qxg4 f6 16. f4 Bxf5 17. exf5 gxf4 18. Rxf4 Qxc3 19. Rb1 b5 20. Qe2 Rc8 21. a4 Nd4 22. Qe4 Qxc2 23. Qxc2 Nxc2 24. Rc1 Kf7 25. axb5 axb5 26. Bf2 b4 27. Rf3 Nd4 28. Rxc8 Nxf3+ 0-1